BSOP header

The heavenly man {ch}: (Record no. 31584)

MARC details
000 -LEADER
fixed length control field 00834nam a2200229 4500
008 - FIXED-LENGTH DATA ELEMENTS--GENERAL INFORMATION
fixed length control field 080616s2006 enk chi
020 ## - INTERNATIONAL STANDARD BOOK NUMBER
International Standard Book Number 9810542704
090 ## - LOCALLY ASSIGNED LC-TYPE CALL NUMBER (OCLC); LOCAL CALL NUMBER (OCLC)
Classification number (OCLC) (R) ; Classification number, CALL (RLIN) (NR) BR1297.L5
Local cutter number (OCLC) ; Book number/undivided call number, CALL (RLIN) B79
-- 2006
100 1# - MAIN ENTRY--PERSONAL NAME
Personal name Brother Yun
245 10 - TITLE STATEMENT
Title The heavenly man {ch}:
Remainder of title the remarkable true story of Chinese Christian Brother Yun /
Statement of responsibility, etc Brother Yun with Paul Hattaway.
260 ## - PUBLICATION, DISTRIBUTION, ETC. (IMPRINT)
Place of publication, distribution, etc Carlisle :
Name of publisher, distributor, etc Piquant,
Date of publication, distribution, etc c2006.
300 ## - PHYSICAL DESCRIPTION
Extent 322 p. :
Other physical details ports
600 14 - SUBJECT ADDED ENTRY--PERSONAL NAME
Personal name Brother Yun
General subdivision Biography {ch}.
600 14 - SUBJECT ADDED ENTRY--PERSONAL NAME
Personal name Liu Zhenying, 1958-
General subdivision Biography {ch}.
650 #4 - SUBJECT ADDED ENTRY--TOPICAL TERM
Topical term or geographic name as entry element Christians in China {ch}.
651 #4 - SUBJECT ADDED ENTRY--GEOGRAPHIC NAME
Geographic name Christian biography
Geographic subdivision China {ch}.
651 #4 - SUBJECT ADDED ENTRY--GEOGRAPHIC NAME
Geographic name Church history
Geographic subdivision China {ch}.
651 #4 - SUBJECT ADDED ENTRY--GEOGRAPHIC NAME
Geographic name Missions
Geographic subdivision China {ch}.
951 ## - EQUIVALENCE OR CROSS-REFERENCE-GEOGRAPHIC NAME/AREA NAME [OBSOLETE] [CAN/MARC only]
General subdivision 00036136
700 1# - ADDED ENTRY--PERSONAL NAME
Personal name Hattaway, Paul
951 ## - EQUIVALENCE OR CROSS-REFERENCE-GEOGRAPHIC NAME/AREA NAME [OBSOLETE] [CAN/MARC only]
-- C-8851
-- SP-C CHBR1297.L5/B79/2006
-- 080616171051655
-- 2000-12-21
-- SP-C CH
Holdings
Withdrawn status Lost status Damaged status Not for loan Home library Current library Shelving location Date acquired Accession number Shelving control number Total Checkouts Full call number Barcode Date last seen Price effective from Koha item type
        BSOP Library BSOP Library Special Collections Chinese 12/21/2000 C-8851 127   SP-C CHBR1297.L5/B79/2006 00036136 02/23/2013 02/23/2013 Books
BSOP

Biblical Seminary of the Philippines
  All rights Reserved
  © 2024

CONTACT INFORMATION

Biblical Seminary of the Philippines,
  77-B Karuhatan Road, Valenzuela City,
  PHILIPPINES 1441
  Phone: +632 8292-6795 / 8292-6798
  Fax : +632 8292-6675
  Email: library@bsop.edu.ph